hidráulico - Statistics

Estatísticas Gerais
  • Esse quiz foi jogado 366 vezes
    363 desde o último reset
  • A pontuação média é 11 de 74
Estatísticas das Respostas
Hint Resposta % Correto
capacidade do reservatório para uso normal 1
96%
capacidade do reservatório para emergência 2
96%
quantas tomadas para teste hidráulico 2
41%
o sistema hidráulico se ________ automaticamente ao se comandar o trem de pouso pressuriza
39%
o travamento do trem é sempre mecânico
30%
o trem de pouso se mantém normalmente _______ despressurizado
28%
que luzes acendem na posição EM BAIXO e travado luzes verdes
28%
capacidade do reservatório 3
23%
quais as posições da válvula seletora de emergência trem flape neutro
23%
o destravamento é sempre hidráulico
23%
a despressurização automática é feita por ação de uma válvula solenóide de despressurização
23%
pressão do regulador de pressão: entre ____ mais ou menos ____ e ______ mais ou menos _____. 950 10 1550 20
22%
onde está localizada a buzina atrás da cadeira do piloto
22%
onde está localizada a válvula de corte atrás da parede de fogo
22%
o que deve ser feito antes de se usar a válvula seletora de emergência despressurizar o sistema
22%
a bomba manual altera a deflexão dos flapes em quantos graus por ciclo 10
18%
tensão das válvulas elétricas 18 a 30
18%
qual o tempo limite de baixamento dos flapes 14
16%
capacidade do acumulador de pressão 250
16%
girando a lâmpada para _____ (mais fraca) e para _____ (mais forte). deve-se ______ aquela que se deseja testar. esquerda direita pressionar
16%
o recolhimento do flape é feito pela ação de molas
16%
pressão nominal 1500
15%
qual capacidade da bomba manual 16
15%
faixa da válvula de expansão térmica 1800 a 1850
15%
cor da luz de aviso do flape amarela
15%
qual o mnemônico dos componentes do sistema hidráulico filtrar 2b 5v
15%
que luzes acendem quando o trem estiver em movimento luzes vermelhas
15%
deflexão máxima do flape 60
14%
qual o formato do filtro copo
14%
o flape é comandado _______ e acionado _______ eletricamente hidraulicamente
14%
o comando de curvas, no solo, é feito através de freios
14%
o destravamento do trem é realizado hidraulicamente
14%
as tomadas para teste hidráulico são utilizadas pela manutenção
14%
o travamento do trem na posição recolhido é feito mecanicamente
14%
que luzes acendem na posição EM CIMA e travado não acendem
14%
faixa do indicador de pressão 0 a 2000
12%
qual a pressão do acumulador de pressão 765
12%
o acumulador de pressão é abastecido com nitrogênio
12%
onde está localizada a caixa central hidráulica atrás das cadeiras dos pilotos
11%
se houver pressão no sistema com o avião no solo deve-se cortar o motor despressurizar o sistema
11%
marca do trem de pouso ERAN
11%
a válvula separadora tem a finalidade de evitar perda de óleo
11%
fluxo nominal da bomba hidráulica 0,91
9%
faixa verde do indicador de pressão 950 a 1640
8%
faixa vermelha do indicador de pressão 950 e 1640
8%
qual o nome do amortecedor da bequilha anti-shimmy
8%
tipo das tomadas para teste hidráulico auto vedante
8%
para que serve a válvula de descarga despressurizar o sistema
8%
acumulador de pressão é do tipo pistão
8%
para acionar o freio deve-se realizar pressão sobre os pedais
8%
o que pode acontecer se houver pressão no sistema hidráulico com o avião no solo recolhimento do trem
8%
é responsável por desligar as luzes de aviso de pressão no sistema após a despressurização do sistema cebolinha
7%
para que serve a válvula de corte cortar o fluxo hidráulico entre a bomba e o reservatório
7%
caracterize o trem de pouso triciclo comando elétrico acionamento hidráulico
5%
a válvula de corte é acionada manualmente
5%
os flapes têm dobradiças do tipo split
5%
para que serve o acumulador de pressão absorver picos de tensão e compensar vazamentos de óleo
4%
onde os flapes estão presos bordo de fuga
4%
onde está localizada a bomba hidráulica caixa central hidráulica
4%
os freios são do tipo disco
4%
a fixação da bequilha é feita em três pontos. quais são eles? dois no berço do motor e um na treliça
4%
a buzina toca quando trem não estiver travado na posição _____, manete dos gases abaixo de _____ pol e comando do trem na posição ______ com a aeronave no solo em baixo 15 recolhimento
4%
o que mantém a bequilha alinhada com o eixo longitudinal mancal de centralização
4%
qual a função da bomba manual acionamento do sistema de emergência
3%
para que serve o regulador de pressão aliviar a carga da bomba quando não estiver sendo solicitada
3%
o trem não pode ser recolhido se bequilha desalinhada avião no solo
3%
em quais casos usa-se a válvula de corte (ordem alfabética) incêndio mau funcionamento reparo
3%
componentes válvula de ar válvula dreno bocal de abastecimento visor
3%
função da válvula de despressurização automática evitar pressurização inadequada
3%
a fixação do trem é feita em três pontos. quais são eles? longarina traseira longarina intermediária nervura situada entre elas
1%
para que serve a válvula lançadeira ou de prioridade isolar uma linha quando a outra estiver sendo utilizada
1%
o que indica a presença de pressão no sistema lâmpada vermelha
1%
quanto ao uso dos freios, deve-se evitar o uso simultâneo dos freios
1%
caracterize a bomba hidráulica tipo engrenagens de alta pressão acionada pelo motor
1%
Nenhum quiz correspondente encontrado
Distribuição das Pontuações
Porcentagem de Pessoas com Cada Pontuação
Percentil de Números Respondidos
Sua Pontuação Histórica
Você não jogou esse quiz desde o último reset